Híradás helyett
Elmentve itt :
| Szerző: | |
|---|---|
| Adatforrás: | Meister |
| Forrásdokumentuma: | A Hét. - 45 sz., 1997, 1 p. |
| Nyelv: | magyar |
| Kulcsszavak: | politikai publicisztika művelődési élet kulturális intézmények KISS GY. Csaba Magyar Köztársaság Kulturális Központja (Bukarest) |
| LEADER | 00496nab a2200169 i 4500 | ||
|---|---|---|---|
| 001 | bibPRO00007276 | ||
| 008 | 060524s1997 xx hun | ||
| 040 | |a Sz1 | ||
| 041 | |a hun | ||
| 100 | 1 | |a GÁLFALVI Zsolt | |
| 245 | 1 | 0 | |a Híradás helyett |c GÁLFALVI Zsolt |
| 695 | |a politikai publicisztika | ||
| 695 | |a művelődési élet | ||
| 695 | |a kulturális intézmények | ||
| 695 | |a KISS GY. Csaba | ||
| 695 | |a Magyar Köztársaság Kulturális Központja (Bukarest) | ||
| 773 | 0 | |t A Hét. - |g 45 sz., 1997, 1 p. | |